000 00487pab a2200169 454500
008 180718b1995 xxu||||| |||| 00| 0 eng d
100 _aBedi, M.S.
245 _aCoordination among juvenile justice functionaries
260 _c1995
300 _ap.8-14
362 _aJan-Jun
650 _aJuvenile courts - India
650 _aJuvenile justice, administration of - India
650 _aJuvenile courts
773 _aIndian Journal of Criminology and Criminalistics
909 _a30132
999 _c30132
_d30132